परछाइयाँ : (Record no. 114860)

MARC details
000 -LEADER
fixed length control field 01157nam a22002777a 4500
003 - CONTROL NUMBER IDENTIFIER
control field dpl
005 - DATE AND TIME OF LATEST TRANSACTION
control field 20190410160059.0
008 - FIXED-LENGTH DATA ELEMENTS--GENERAL INFORMATION
fixed length control field 190410b ||||| |||| 00| 0 eng d
010 ## - LIBRARY OF CONGRESS CONTROL NUMBER
LC control number B-067625
020 ## - INTERNATIONAL STANDARD BOOK NUMBER
Terms of availability 100.00
International Standard Book Number 8186185186
035 ## - SYSTEM CONTROL NUMBER
System control number B-067625, B-067629
037 ## - SOURCE OF ACQUISITION
Source of stock number/acquisition Cen Lib/Ret
040 ## - CATALOGING SOURCE
Original cataloging agency DPL
Language of cataloging HN
Transcribing agency 0
082 ## - DEWEY DECIMAL CLASSIFICATION NUMBER
Classification number
Item number अरोड़ा
100 ## - MAIN ENTRY--PERSONAL NAME
Personal name अरोड़ा, प्रीतम
9 (RLIN) 58709
245 ## - TITLE STATEMENT
Title परछाइयाँ :
Statement of responsibility, etc प्रीतम अरोड़ा
Remainder of title कहानी संग्रह /
246 ## - VARYING FORM OF TITLE
Title proper/short title Parchhaiyan : kahani sangreh /
Remainder of title by Pritam Arora
260 ## - PUBLICATION, DISTRIBUTION, ETC. (IMPRINT)
Place of publication, distribution, etc नई दिल्ली
Name of publisher, distributor, etc साहित्य भण्डार
Date of publication, distribution, etc 1992
270 ## - ADDRESS
Address बी० 25, गुलमोहर पार्क
City नई दिल्ली
Postal code 110049
300 ## - PHYSICAL DESCRIPTION
Extent 80पृ.
Dimensions 20सेमी (सजिल्द )
650 ## - SUBJECT ADDED ENTRY--TOPICAL TERM
Topical term or geographic name as entry element हिंदी साहित्य
General subdivision
Geographic subdivision
9 (RLIN) 58710
650 ## - SUBJECT ADDED ENTRY--TOPICAL TERM
Topical term or geographic name as entry element हिंदी साहित्य--कहानियां
9 (RLIN) 42761
650 ## - SUBJECT ADDED ENTRY--TOPICAL TERM
Topical term or geographic name as entry element Hindi literature
Form subdivision
9 (RLIN) 58711
650 ## - SUBJECT ADDED ENTRY--TOPICAL TERM
Topical term or geographic name as entry element Hindi literature--Stories
9 (RLIN) 58712
942 ## - ADDED ENTRY ELEMENTS (KOHA)
Source of classification or shelving scheme Dewey Decimal Classification
Koha item type Hindi Books
Classification part
Call number suffix अरोड़ा
Holdings
Withdrawn status Lost status Damaged status Not for loan Home library Current library Date acquired Source of acquisition Cost, normal purchase price Total Checkouts Full call number Barcode Date last seen Copy number Cost, replacement price Price effective from Koha item type Public note Source of classification or shelving scheme Collection code Total Renewals Date checked out
Written off       Central Library Central Library 18/08/2015 Cen Lib/Ret 100.00   क अरोड़ा B-067625 18/08/2015 1 100.00 18/08/2015 Hindi Books Written off on approval by DLB (By Circulation); dtd 15-06-2023        
        Shahdara Branch Shahdara Branch 10/04/2019 BPPD/PUB 100.00 1 क अरोड़ा B-067629 06/04/2021   100.00 10/04/2019 Hindi Books   Dewey Decimal Classification Fiction 2 23/02/2021

© Delhi Public Library
Hit Counter
free hit counter